| 000 | 02045nam a22002657a 4500 | ||
|---|---|---|---|
| 999 |
_c60845 _d60845 |
||
| 003 | Ge_BSU | ||
| 005 | 20231107101305.0 | ||
| 008 | 231107s2023 ge ||||| |||| 00| 0 geo d | ||
| 020 | _a9789941504792 | ||
| 041 | _ageo | ||
| 080 | _a821.353.1-94 ა-79 | ||
| 100 |
_aარველაძე, ლადო _920292 |
||
| 245 |
_aმშობლიურ მიწასა და უცხო მიწათა შორის : _b[მოგონებები]. [წიგნი] 1 / _cლადო არველაძე; საგამომცემლო პროექტის ავტორები: გიორგი არველაძე და ბუბა კუდავა; სამეცნიერო რედაქტორი და კომენტარების ავტორი ლაშა ჩანტლაძე; გამომცემლობის რედაქტორი ნატო გორდელაძე; გარეკანის დიზაინერი დავით აბრამიშვილი. |
||
| 264 |
_aთბილისი : _bარტანუჯი, _c2023. |
||
| 300 |
_a1000 გვ. ; _b24 სმ. |
||
| 501 | _aსაძიებლები: გვ. 977-999. | ||
| 504 | _aბიბლიოგრაფია: გვ. 970-978. | ||
| 653 | _aდოკუმენტური პროზა | ||
| 700 |
_aარველაძე, გიორგი _eპროექტის ავტორი _920293 |
||
| 700 |
_aკუდავა, ბუბა _eპროექტის ავტორი _93540 |
||
| 700 |
_aჩანტლაძე, ლაშა _eსამეცნიერო რედაქტორი, კომენტარების ავტორი. _920294 |
||
| 700 |
_aგორდელაძე, ნატო _eრედაქტორი _914165 |
||
| 700 |
_aაბრამიშვილი, დავით _eგარეკანის დიზაინერი. _920295 |
||
| 942 |
_2udc _cᲬᲘᲒᲜᲘ |
||